Tom Jones

Uloženo v:
Podrobná bibliografie
Hlavní autor: Fielding, Henry (Autor)
Médium: Kniha
Jazyk:španělština
Vydáno: Barcelona Bruguera 1966
Edice:Libro Amigo
Témata:
Tagy: Přidat tag
Žádné tagy, Buďte první, kdo vytvoří štítek k tomuto záznamu!

MARC

LEADER 00000nam a2200000 a 4500
001 UCX3161
003 CL-VaPUC
008 911007e19660000SP |||||||||||||||||spa|d
082 0 4 |a 823  |b FIE  |2 21 
100 0 |a Fielding, Henry  |e author  |9 319244 
245 1 0 |a Tom Jones 
300 |a 887 p 
942 |c BK 
945 |d 19911007 00:00:00 
260 |a Barcelona  |b Bruguera  |c 1966 
650 0 |a Novelas inglesas  |9 265220 
583 |a last modification  |c 19911007 00:00:00  |k Rodrigo Vera 
490 0 |a Libro Amigo 
999 |c 223975  |d 223973 
952 |0 0  |1 0  |4 0  |6 823_000000000000000_FIE_1966  |7 0  |8 A  |9 220292  |a BIBEDU  |b BIBEDU  |d 2019-11-15  |i 2890259  |o 823 FIE 1966  |p 2890259  |r 2019-11-15  |w 2019-11-15  |y BK  |k LIT